Classical Music Quiz Stats

 Plays Quiz not verified by Sporcle

Support Sporcle.
Go Orange.
Score 0/20 Timer 20:00
0 Plays Today
Hint Song % Correct
All four...The Four Seasons
73.5%
Damn, that Snare Drummer must be tired...Bolero
69.9%
Go to sleep...Lullaby
69.9%
I suppose it flies fast...Flight of the Bumblebee
66.4%
The Battle has been won...1812 Overture
65.5%
Usually played on an Organ...Toccata and Fugue
64.6%
Shot an apple on the head...William Tell Overture
55.8%
It was never finished...Requiem
45.1%
Grieg's famous piece...Peer Gynt
41.6%
Prelude to 'Pictures at an Exhibition'...Promenade
36.3%
Hint Song % Correct
From the man who brought you 'Orpheus in the Underworld'...Can-Can
32.7%
Song from 'Carmen', that says 'Progress'Toreador
27.4%
Tom and Jerry and Bugs Bunny...Hungarian Rhapsody No.2
27.4%
The Fifth Dance...Hungarian Dance No.5
27.4%
Schroeder knows this piece quite well...Fur Elise
26.5%
Quite a large moustache, this man had, who wrote this WaltzBlue Danube Waltz
25.7%
Messiah...Messiah
21.2%
Three...Trois Gymnopedies
11.5%
Eine Kleine...Natchmusik
4.4%
Quite serene, isn't it ...?Waltz of the Flowers
4.4%

You're not logged in!

Compare scores with friends on all Sporcle quizzes.
OR
Log In

From the Vault

Four Horsemen of the Apocalypse

by Niniane

We've always been suspicious of people on horseback.
Remove Ads.
Support Sporcle.
Get the best of Sporcle when you Go Orange. This ad-free experience offers more features, more stats, and more fun while also helping to support Sporcle. Thank you for becoming a member.

Show Comments

Extras

Created Sep 14, 2013ReportNominate
Tags:Classical Quiz, piece

Top Quizzes Today


Score Distribution

Your Account Isn't Verified!

In order to create a playlist on Sporcle, you need to verify the email address you used during registration. Go to your Sporcle Settings to finish the process.

Report this User

Report this user for behavior that violates our Community Guidelines.

Details: